| 000 | 00609nam a2200205Ia 4500 | ||
|---|---|---|---|
| 003 | OSt | ||
| 005 | 20250823123730.0 | ||
| 008 | 210210b1978 xxu||||| |||| 00| 0 eng d | ||
| 040 | _cAL | ||
| 041 | _aKannada | ||
| 082 | _a398.2K RAGC | ||
| 100 |
_aRAGHAVA NAMBIYAR (K M). _dರಾಘವ ನಂಬಿಯಾರ್ (ಕೆ ಎಂ) _9180368 |
||
| 245 |
_aChakreshvara parikshita. _bಚಕ್ರೇಶ್ವರ ಪರೀಕ್ಷಿತ. |
||
| 260 |
_aUdupi _bSvayam prakatanalaya _c1978 |
||
| 300 | _a46 | ||
| 650 |
_aYakshagana _9180369 |
||
| 690 |
_aYakshagana _9180369 |
||
| 906 | _a042180 | ||
| 942 |
_2ddc _cBK |
||
| 999 |
_c91678 _d91678 |
||